[Event "EICC 2009 "]
[Site "Budva"]
[Date "2009.03.07"]
[Round "2.28"]
[White "Nepomniachtchi, Ian"]
[Black "Sanikidze, Tornike"]
[Result "1/2-1/2"]
[WhiteElo "2628"]
[BlackElo "2522"]
[Annotator "Âàñèëèé Ëåáåäåâ"]
[PlyCount "57"]
[EventDate "2009.03.06"]

{Î÷åíü çàáàâíîé, íà ìîé âçãëÿä, âûøëà ñëåäóþùàÿ ïàðòèÿ, â êîòîðîé áåëûìè
èãðàë «íàø ÷åëîâåê».  Íå çíàþ, íàñêîëüêî àêòóàëüíûì ÿâëÿåòñÿ ñëåäóþùèé
âàðèàíò àòàêè Âåëèìèðîâè÷à, íî îí áûë ðàçûãðàí:} 1. e4 c5 2. Nf3 d6 3. d4 $16
cxd4 4. Nxd4 Nf6 5. Nc3 Nc6 6. Bc4 e6 {Æàæäà áîÿ.} ({Èíà÷å áû ïîñëåäîâàë «óêëîíèçì» -} 6... Qb6 $5) 7. Be3 a6 8. Qe2 Qc7 9. O-O-O Na5 10. Bb3
b5 11. f3 Nxb3+ 12. axb3 Be7 13. g4 Bb7 14. g5 Nd7 15. h4 b4 16. Na4 Nc5 {
Ñâîèì ïîñëåäíèì õîäîì -} 17. h5 {ßí ïðèãîòîâèë âñ¸ äëÿ òîðæåñòâåííîé ïîðêè ÷¸ðíîãî êîðîëÿ ïîñëå åãî êîðîòêîé ðîêèðîâêè. Îäíàêî ïîñëåäîâàëî} O-O-O {
Íåò, êàêîâ íàõàë! ;) Íó, íå ïðîïàäàòü æå äîáðó!} 18. g6 $1 hxg6 ({Êîíå÷íî, íå
} 18... fxg6 $4 {èç-çà} 19. Nxc5 Qxc5 20. Nxe6 $18) 19. hxg6 Rxh1 20. Rxh1 Bf6
21. Rd1 $146 {Âîò è íîâèíî÷êà ïîäîñïåëà.} ({Èãðàëè ðàíåå} 21. Kb1 $5 {
è  òåïåðü î÷åíü èíòåðåñíî ïðîâåðèòü (íî, íàâåðíîå, íå â ñâîåé ïàðòèè)} e5 $5 (
21... Nxa4 $6 22. bxa4 Kb8 $2 23. Qd2 $16 {
- Abergel, T (2474) - Le Roux, J (2494)/Paris FRA 2006 /1-0 (43)}) 22. Nf5 Nxa4
(22... fxg6 $2 23. Nxd6+ $1) 23. gxf7 $5 {Ñ òàêèìè èäåÿìè:} Nb6 (23... g6 $6
24. Rh7 $1) (23... Nc5 $2 24. Qc4 $1 $18) 24. Qg2 $1 Rf8 $1 25. Qg6 Kb8 $1 26.
Bxb6 Qxb6 27. Nxg7 Bxg7 28. Qxg7 Qd8 29. Rh6 Bc8 30. Rf6 {
, è óñèëèòü äàëüøå ïîçèöèþ áåëûõ, ïî-âèäèìîìó, íå óäàñòñÿ...}) 21... e5 ({
Îïàñíîñòü «çàòàðèâàíèÿ» áåëûìè ïåøêàìè ïîêàçûâàåò âàðèàíò:} 21... Bxd4 22.
Bxd4 Nxb3+ $6 23. Kb1 Nxd4 24. Rxd4 fxg6 25. Rxb4 $36) 22. Nf5 Nxa4 ({Íî íå} 
22... fxg6 $2 23. Nxd6+ $1) 23. gxf7 $1 d5 {
Ñàìîå ïðèåìëåìîå â äàííîì ïîëîæåíèè...} ({
Êîíü-êàìèêàäçå îòñòóïèòü íàçàä íå ìîæåò:} 23... Nb6 24. Rxd6 $1 Nd7 25. Qd2 $16
{Íàïðèìåð,} Rh8 26. Qxb4 g6 $2 27. Rxf6 $1 Nxf6 28. f8=Q+ {è ò.ä.}) ({
Íåëüçÿ è ñáèòü ñ äîñêè íàãëóþ âûñêî÷êó:} 23... Qxf7 24. Rxd6 Qc7 $140 ({èëè} 
24... Kc7 25. Qd3 $1 $40) 25. Rxd8+ Bxd8 26. bxa4 $16) {
Âèäèìî, êðèòè÷åñêèé ìîìåíò â ïàðòèè.} 24. Rxd5 $5 {Ïîñëå ýòîãî ýôôåêòíîãî
õîäà ïàðòèÿ íåóìîëèìî êàòèòñÿ, ïðè ïðåâîñõîäíîé èãðå ñîïåðíèêîâ, ê íè÷åéíîìó
èñõîäó...} ({Õî÷åòñÿ äóìàòü, ÷òî ñèëüíåå áûëî î÷åâèäíîå} 24. bxa4 $5 {
è, ïîñëå òàêîãî æå íàïðàøèâàþùåãîñÿ,} d4 ({ñëàáî, âðîäå áû,} 24... Qxf7 {
èç-çà ïðîñòîãî} 25. Bc5 {, âûèãðûâàÿ ïåøêó}) {íà÷èíàåòñÿ íåâåðîÿòíîå:} 25. f4
$3 Qxf7 {Âèäèìî, ëó÷øåå...} ({â ñëó÷àå} 25... dxe3 $2 26. Rxd8+ $1 Qxd8 27.
Qxe3 {÷¸ðíûå, êàê ýòî íè ñòðàííî, ïðîèãðûâàþò! Ãëàâíóþ ðîëü â ýòîì,
êîíå÷íî æå, ñûãðàåò ïåøêà íà f7. Íàïðèìåð,} Qf8 ({èëè} 27... Be7 28. Nxe7+
Qxe7 29. Qh3+ $1 Kc7 30. Qf5 Qf8 31. fxe5 {è ò.ä.}) 28. Qb6 $1 {
È ôåðçü ñ êîí¸ì ïîêàæóò î÷åðåäíîé öèðêîâîé íîìåð â àòàêå. Íàïðèìåð, òàêîé:}
Bxe4 {(èíà÷å - ñîâñåì ìðàê)} 29. Qxa6+ Kc7 30. Qd6+ $1 {Òðþê, îêàçûâàåòñÿ,
çàêëþ÷àëñÿ â îäíîìîìåíòíîì èñ÷åçíîâåíèè ñ äîñêè ñèëüíåéøèõ ôèãóð. ;)} Qxd6
31. Nxd6 Be7 32. Nxe4 exf4 33. Ng5 Kd7 34. a5 Kc6 35. Ne6 {
, è ìîæíî, äóìàåòñÿ, óæå è ïðåðâàòüñÿ...}) 26. fxe5 Bxe5 ({èëè} 26... dxe3 27.
Rxd8+ Kxd8 28. Qd3+ Qd7 29. exf6 gxf6 30. Nxe3 {
, ñ âûèãðàííûì ýíäøïèëåì ó áåëûõ}) 27. Bxd4 {, è, âðîäå áû, âî âñåõ âàðèàíòàõ
áåëûå îñòàþòñÿ ñ ëèøíåé ïåøêîé. Ïðàâäà, êàê óòåøåíèå ó ÷¸ðíûõ - äâà ñëîíà....
}) 24... Bxd5 $8 ({Ïëîõî} 24... Qxf7 $2 {èç-çà} 25. Rxd8+ Kxd8 26. Qd2+ Qd7 27.
Qxb4 {áåëûå áëàãîïîëó÷íî îòûãðûâàþò ôèãóðó, îñòàâàÿñü ñ ïàðîé ëèøíèõ  ïåøåê.
È åñëè ñîïåðíèê çàõî÷åò ïîäñîêðàòèòü ìàòåðèàëüíûé íåäîâåñ, òî ñåðü¸çíî
ðèñêóåò ïîïàñòü ïîä ñòðàøíóþ àòàêó. Òî åñòü} Bc6 28. bxa4 Bxa4 29. Bb6+ $1 Ke8
({èëè} 29... Kc8 30. Nd6+ Kb8 31. Bc5+ Ka8 32. Qb6 {
Æóòü! Åñëè, êîíå÷íî, ñìîòðåòü íà ýòó ïîçèöèþ ñ «÷¸ðíîé» ñòîðîíû....}) 30.
Qc4 $1 $40 {(} Qc6 31. Bc5 Bb5 32. Qg8+ Kd7 33. Qf7+ Kd8 34. Nd6 $18 {)}) 25.
Qxa6+ $1 Kb8 $8 {Äà, êñòàòè, à êîíü íà à4 òàê è ïðåáûâàåò ïîä áîåì....} ({
Îøèáêà âñåãäà âîçìîæíà: ïðîèãðûâàåò} 25... Bb7 $2 {èç-çà} 26. Nd6+ $1 {
Î, ïðåêðàñíàÿ ïåøêà íà f7!} Kd7 ({ñðàâíèòåëüíî ëó÷øåå; åñëè} 26... Qxd6 {, òî}
27. Qxd6 Rxd6 28. f8=Q+) ({ñîâñåì íåëüçÿ} 26... Kb8 $4 27. Qa7#) ({
«íåèíòåðåñíî» è} 26... Rxd6 27. f8=Q+) 27. Nxb7 Rh8 $140 {
Âåäü òàê õî÷åòñÿ àêòèâíîñòü ïðîÿâèòü....} 28. Qxa4+ Ke7 ({èëè} 28... Qc6 29.
Qxc6+ Kxc6 30. Bc5 $1 {, è ïîëó÷èòñÿ çäåñü, â êîíöå êîíöîâ, «îäíîöâåòíûé»
ýíäøïèëü ñ êó÷åé ëèøíèõ ïåøåê ó áåëûõ}) 29. f8=Q+ $1 {
Ïåøêà f7 ïîãèáëà òðèóìôàëüíî!} Kxf8 ({áåçíàä¸æíî è} 29... Rxf8 30. Bc5+ {è ò.ä.
}) 30. Qa8+ Kf7 31. Qxh8 Qxb7 $18 {
Ïëþñ äâå ïåøêè è è «îäíîïîëûå» ñëîíû. Ðåçóëüòàò ïàðòèè ÿñåí.}) 26. exd5 $1
Nc5 $8 {Êîíü ñïàññÿ. ×óäî!} ({Õóæå} 26... Qxf7 {èç-çà} 27. d6 Qd7 (27... g6 $4
28. Ne7 $18) 28. bxa4 $14) 27. Qb5+ ({
Íå óõîäèò èç çîíû ðàâåíñòâà ïàðòèÿ è â ñëó÷àå} 27. Qc4 $5 Qxf7 28. Qxc5 Qxd5
29. Qxb4+ Qb7 30. Qc5 {(íå äóìàþ, ÷òî ðàçìåí ôåðçåé ó âûãîäå áåëûõ, íåñìîòðÿ
íà èõ äâå «êîìïåíñàöèîííûå» ïåøêè)} Qxf3 31. Qa7+ Kc8 32. Qa6+ Kd7 33. Qd6+
Kc8 34. Qa6+ {- âå÷íûé øàõ!}) 27... Nb7 $8 28. Qe8 $1 Rc8 29. c4 {
Íó âîò... Êàê ãîâîðèòñÿ, «íà ñàìîì èíòåðåñíîì ìåñòå», êèíî çàêîí÷èëîñü...} ({
Âïðî÷åì, ó íàñ åñòü âîçìîæíîñòü «êðóòàíóòü» êèíîëåíòó âïåð¸ä:} 29. c4 bxc3
$8 30. f8=Q $1 cxb2+ $8 31. Kxb2 Qc2+ $5 ({ñëàáåå} 31... e4+ $2 32. Qxf6 $1
gxf6 33. Qa4 $1 $14) ({íî ïðîùå} 31... Qc3+ 32. Ka2 Qa5+ {è ò.ä.}) 32. Ka3 Qxf5
$8 33. Bb6 $1 Qc2 $8 34. Qff7 Qc1+ ({èëè} 34... Rxe8 35. Qxe8+ Bd8 36. Bxd8
Qc1+ 37. Ka4 Qa1+ 38. Kb4 Qd4+ {è ò.ä.}) 35. Ka4 (35. Ka2 Bd8) 35... Qa1+ 36.
Kb4 Qe1+ {Äà, íè÷üÿ!}) 1/2-1/2

[Event "EICC 2009 "]
[Site "Budva"]
[Date "2009.03.07"]
[Round "2.55"]
[White "Durarbeyli, Vasif"]
[Black "Yemelin, Vasily"]
[Result "0-1"]
[WhiteElo "2439"]
[BlackElo "2578"]
[Annotator "Âàñèëèé Ëåáåäåâ"]
[PlyCount "62"]
[EventDate "2009.03.06"]

{Çàíèìàòåëüíóþ êàòàÂÀÑÈþ çàêðóòèëè ñîïåðíèêè â ñëåäóþùåé ïàðòèè. Îíî è íå
óäèâèòåëüíî. Ïîñìîòðèòå íà èìåíà èãðàþùèõ! ;)} 1. e4 e6 2. d4 d5 3. Nd2 Be7 4.
Bd3 c5 5. dxc5 Nf6 6. Qe2 O-O 7. Ngf3 a5 8. O-O Na6 9. e5 Nd7 10. c3 Naxc5 11.
Bc2 b6 12. Re1 Ba6 13. Qe3 f6 14. b4 fxe5 15. Nxe5 (15. bxc5 $6 Bxc5 16. Nd4 $8
Qf6 $15 {Íàïðèìåð,} 17. N2f3 Rac8 $1 18. Bb3 Rce8 19. Ba4 b5 20. Bc2) 15...
Nxe5 16. bxc5 (16. Qxe5 $2 axb4 17. cxb4 Bf6) 16... Bxc5 (16... Rxf2 $2 17.
cxb6 $1) 17. Qxe5 {Îòñþäà - ïîïîäðîáíåå.} Rxf2 $146 {Òîëüêî ýòîò õîä íîâèíêà.}
({Ðàíåå âñòðå÷àëîñü.} 17... Bxf2+ 18. Kh1 Bxe1 19. Qxe6+ ({ýòî ìîæåò ïîêàçàòüñÿ ñòðàííûì, íî, ïî âñåé âèäèìîñòè, ïåøêó íà å6 (äà åù¸ è ñ òåìïîì!) åñòü íå
íàäî! È} 19. Qxe1 $142 $1 {, ñîáèðàÿñü â áóäóùåì èñïîëüçîâàòü ïîëÿ d4 è e5,
êàê çàâåùàë âåëèêèé Íèìöîâè÷. - â êà÷åñòâå îïîðíûõ ïóíêòîâ äëÿ ñâîèõ ôèãóð.})
19... Kh8 20. Qxe1 d4 $5 ({íåïëîõî è} 20... Re8 $5 21. Qg3 Qf6 22. Ba3 Rac8 $15
) 21. Bb2 ({èëè} 21. cxd4 Qxd4 22. Qe4 Qxe4 23. Bxe4 Rad8 {
ñ î÷åíü íåïðèÿòíûì äàâëåíèåì}) 21... d3 (21... Re8 $5) 22. Bd1 Qg5 23. Nf3 (
23. Bf3 $142 $5 Rae8 24. Ne4) 23... Rae8 $3 {Æåðòâà! Ôåðçÿ!} 24. Qf2 $2 (24.
Qg1 $1) 24... d2 $1 {È áåëûå ðàññûïàëèñü:} 25. Ba4 ({ïîñëå} 25. Bb3 {
óæå íå ïðîõîäèëî} Re2 $2 {èç-çà} 26. Qxe2 $1 Bxe2 27. Nxg5 d1=Q+ 28. Rxd1 Bxd1
29. Nf7+ $1 {, è ñïàñàòüñÿ äîëæíû áóäóò óæå ÷¸ðíûå! Òî åñòü:} Kg8 30. Bxd1 Re8
31. Ne5 $1 Rxe5 32. Bb3+ Kf8 33. Kg1 {è ò.ä.}) ({íî ïîñëå} 25. Bb3 {
ïðîñòî è õîðîøî áûëî áû} Qe3 26. Qxe3 Rxe3 27. Kg1 (27. Nxd2 Rf2 $19) 27...
Rfe8 28. Kf2 ({è ñíîâà ïëîõî} 28. Nxd2 Re1+ 29. Rxe1 Rxe1+ 30. Kf2 Re2+) 28...
Re2+ 29. Kg3 d1=Q 30. Rxd1 Rxb2 {, îñòàâàÿñü ñ ÷èñòûì ëèøíèì êà÷åñòâîì}) ({
åñëè} 25. Bc2 {, òî} Bb7 26. h4 $140 Rxf3 $3 27. gxf3 Re1+ $1 {ñ ðàçãðîìîì})
25... Re2 26. Qg1 ({òåïåðü, êîãäà ó áåëûõ íåò êîíòðîëÿ íàä ïóíêòîì f7, íåõîðîøî
} 26. Qxe2 {èç-çà} Bxe2 27. Nxg5 d1=Q+ 28. Rxd1 (28. Bxd1 $4 Rf1#) 28... Bxd1
29. Kg1 Bxa4 $19) {Îñòàëüíîå: «õðóñò ãðàâèÿ ïîä íîãàìè (  Ôèøåð).} 26... Qe7
27. c4 Bb7 28. Rf1 Re1 $1 29. Bd1 Rxf3 $1 30. gxf3 Rxd1 $1 {
(0-1 Kristjansson,S (2476) - Caruana,F (2598)/Reykjavik ISL 2008 ).}) 18. Qxe6+
Kh8 19. Kh1 Qh4 20. Nf3 $1 {Ïðàâèëüíîå ðåøåíèå!} ({
Òàê è õî÷åòñÿ (íå ìíå, íå ìíå, à Rybk'å!) ñûãðàòü} 20. Qxd5 {
×òî æ, ñûãðàåì è ïîñìîòðèì ÷åì âñ¸ ýòî îáåðí¸òñÿ:} Rd8 21. Nf3 {Ëó÷øåå.} ({
íà} 21. Qe4 {íàõîäèòñÿ «êðóòåéøåå»} Bb7 $3 22. Qxh4 ({åñëè} 22. Qxb7 {, òî}
Bd6 {
, è áåëûå íà÷èíàþò îòäàâàòü ìàòåðèàë îáðàòíî, ïðèáëèæàÿ ïîáåäó ñîïåðíèêà:}
23. Nf3 Rxf3 $1 24. Bf4 {(ãðîçèë ìàò, ïðè÷¸ì ñ äâóõ ñòîðîí - è íà h2 è ñ å1)}
Bxf4 25. g3 Rxg3 $19 {, íàïðèìåð,} 26. Qe4 Re3 $1) 22... Bxg2+ 23. Kg1 Re2+ $1
24. Qf2 Bxf2+ ({íå ïîçâîëÿÿ ñîïåðíèêó äàæå íàì¸êà íà êîíòðèãðó, êàê â ñëó÷àå} 
24... Rxf2 25. Ba3 $5) 25. Kxg2 Bxe1+ 26. Kf1 Rde8 {È ïðîáëåìû áåëûõ ñ
ìàòåðèàëüíîé íåäîñòà÷åé òîëüêî óñóãóáÿòñÿ. Ïðè÷¸ì, â ñàìîì áëèæàéøåì áóäóùåì:
} 27. Bd3 ({èëè} 27. Be4 {, ïðåðûâàÿ æèâèòåëüíóþ ñâÿçü ÷¸ðíûõ ëàäåé.} Bxd2
28. Kxe2 Bxc3 29. Rb1 Rxe4+ 30. Kd3 Rb4 $1 $19) 27... Rxh2 28. Ne4 Rh3 29. Bc2
(29. Ke2 Bxc3 $19) 29... Bxc3 30. Nxc3 Rf3+ 31. Kg2 Rxc3 {Ñëîíû, îñîáåííî
øàõìàòíûå, çâåðè, êîíå÷íî, ìîùíûå, íî çäåñü îíè áåëûõ (ÈÌÕÎ) íå ñïàñóò}) 21...
Rxf3 $8 22. Bg5 Rxd5 23. Bxh4 ({èëè} 23. Re8+ Rf8 24. Rxf8+ Bxf8 25. Bxh4 Rd2)
23... Rf8 {Â îáîèõ ñëó÷àÿõ äåëà áåëûõ - íå ôîíòàí, äà è ïåðñïåêòèâû - íå
ñàõàð ñ ðàõàò-ëóêóìîì}) ({Íè÷åãî õîðîøåãî íå ïðèíîñèò áåëûì  è «êðåàòèâ»} 
20. Bb2 {èç-çà} Raf8 $1 ({íåò, êîíå÷íî, ïîñëå} 20... Rxd2 $2 {áåëûå áàíêóþò:}
21. Qe8+ $1 Bf8 22. Qxa8 Qf2 23. Rg1 Rxc2 24. Ba3 $18) 21. Qxd5 ({èëè} 21. Rad1
Rxg2 $1) 21... Bb7 $1 22. Qxb7 Bd6 23. Nf3 R2xf3 $1 $19) ({À òåïåðü, ïîêàþñü,
è ìíå, áûòü ìîæåò, êàê íåêîåìó Èâàíû÷ó èç Ì&Ì, ñêèäêà áóäåò îò
ñíèñõîäèòåëüíîãî ÷èòàòåëÿ. Åñëè} 20. Qxd5 {, òî íàäî èãðàòü ïðîñòî} Raf8 $1
21. Qe4 $140 Bf1 $3 22. Qxh4 Bxg2+ 23. Kg1 Rxd2+ 24. Qd4 Rxc2 25. Qxc5 bxc5 26.
Rb1 Bc6 27. Rb2 ({Èíà÷å êîðîëü ïîïàäàåò â ìåëüíè÷íûå æåðíîâà:} 27. Rb6 $2
Rg2+ 28. Kh1 Re2+ 29. Rxc6 Rxe1+ 30. Kg2 Rxc1 $19) 27... Rxc3 {è ò.ä.}) 20...
Rxf3 $1 21. gxf3 Qf2 22. Be3 $4 {Óïñ!} ({Ïîñëå ïðàâèëüíîãî} 22. Qe8+ $1 {
áåëûå, êàê ìèíèìóì, óäåðæèâàëè ðàâåíñòâî:} Bf8 $1 ({êîíå÷íî, íå} 22... Rxe8 $4
23. Rxe8+ Bf8 24. Rxf8#) 23. Qe3 $1 ({íî òîëüêî, ÷óð, íå óâëåêàòüñÿ:} 23. Ba3
$6 Qxf3+ 24. Kg1 Bf1 $1 {, âûíóæäàÿ} 25. Qxf8+ Rxf8 26. Rxf1 Qe3+ 27. Kg2 Qd2+
28. Kg1 Re8 $17) ({è íå îáúåäàòüñÿ:} 23. Qxa8 $4 Qxe1+ 24. Kg2 Bf1+ 25. Kg1
Bh3#) 23... Qxc2 24. Qd2 $1 ({èëè} 24. Ba3 $5 Qf5 25. Bxf8 Rxf8 26. Rad1 $14)
24... Qf5 25. Qf4 Qc2 (25... Qg6 26. Be3 {è Bd4}) 26. Be3 {Ãì-ì... Ïî-ìîåìó
óæå áåëûå (ïîñëå âîäðóæåíèÿ ñëîíà íà d4) íà÷èíàþò èãðàòü íà ïîáåäó...}) 22...
Qxf3+ 23. Kg1 {Áåëûå íå ó÷ëè â ñâîèõ ïðåäâàðèòåëüíûõ ðàñ÷¸òàõ «âñåãî ëèøü»
îäíè õîä. È, ðàçóìååòñÿ, èìåííî îí ñåé÷àñ è áóäåò èñïîëíåí íà äîñêå!} Bf1 $3 $19
{Î, êàê! Áëåñê!} 24. Rxf1 Bxe3+ 25. Qxe3 Qxe3+ {
Äàëüíåéøåå, â ïðèíöèïå, íå áûëî óæå îáÿçàòåëüíûì...} 26. Rf2 Rf8 27. Raf1 g6
28. Bb3 Rxf2 29. Rxf2 Qxc3 30. Bxd5 Qc1+ 31. Kg2 Qg5+ 0-1